| 000 | 00563nam a2200205 u 4500 | ||
|---|---|---|---|
| 005 | 20240612064153.0 | ||
| 008 | 150511s2007 ea r 000 0 spa d | ||
| 020 | _a1403487022 | ||
| 035 | _aUPN01000203347 | ||
| 049 | _aI | ||
| 050 | 4 |
_aQL668 E2 _bC7.7 |
|
| 100 | 1 |
_aCrawford, Tracey _936417 |
|
| 245 | 1 | 0 |
_aRanas / _cTracey Crawford. |
| 260 |
_aChicago, E.U. A : _bHeinemann Library, _c2007. |
||
| 300 |
_a24 p. : _bil. col. |
||
| 440 | 0 |
_aCompáralos. _pBellota |
|
| 650 | 4 |
_aRanas _vLiteratura infantil _924123 |
|
| 905 | _aInfantil | ||
| 999 |
_c175448 _d175448 |
||